Estudio de factibilidad para la recolección y descarga final de las aguas residuales de Nicoya

Saved in:
Bibliographic Details
Main Author: Morales Oviedo, Leonel Francisco
Format: Book
Published: San José, Costa Rica 1992
Subjects:
Tags: Add Tag
No Tags, Be the first to tag this record!

MARC

LEADER 00000nam a2200000Ia 4500
003 005502
005 20221231144320.0
008 140114s1992 cr a m 000 ||s d
040 |c cru CEDI 
090 |a TFG 2641 
100 |a Morales Oviedo, Leonel Francisco  |9 12311 
245 |a Estudio de factibilidad para la recolección y descarga final de las aguas residuales de Nicoya  
260 |c 1992  |a San José, Costa Rica 
300 |a  ix, 171, [87] hojas : ilustraciones ; 28 cm.  
500 |a  Proyecto de graduacion (licenciatura en ingenieria civil)--Universidad de Costa Rica. Facultad de Ingeniería. Escuela de Ingenieria Civil 
650 |x AGUAS RESIDUALES   |x ALCANTARILLADO - NICOYA (GUANACASTE, COSTA RICA)  |9 12312 
942 |c TFG 
999 |c 20040  |d 20040